| 000 | 01512cam a22004574i 4500 | ||
|---|---|---|---|
| 003 | PE-LiUPU | ||
| 005 | 20250731172935.0 | ||
| 008 | 150623s1995 miu r 000 0 eng d | ||
| 020 | _a0802808077 | ||
| 035 | _a(Sirsi) i9780802808073 | ||
| 040 |
_aPE-LiUPU _bspa _cPE-LiUPU _erda |
||
| 049 | _aPRUA | ||
| 082 | 0 | 4 |
_a284.2 _bC18 _221 |
| 100 | 1 |
_aCalvino, Juan, _eautor. |
|
| 245 | 1 | 4 |
_aThe acts of the apostles 14-28. _n7 / _cJuan Calvino. |
| 264 | 1 |
_aMichigan : _bWilliam B. Eerdmans Publishing Company, _c1995. |
|
| 300 |
_a329 páginas ; _c23 centímetros |
||
| 336 |
_atext _2rdacontent |
||
| 337 |
_aunmediated _2rdamedia |
||
| 338 |
_avolume _2rdacarrier |
||
| 490 | 0 |
_aCalvin's New Testament Commentaries ; _v7 |
|
| 505 | 0 | _aCommentaries the acts of the apostles chapter 14 -28. | |
| 526 | _aSEG42 | ||
| 526 | _aSEG41 | ||
| 526 | _aSEG40 | ||
| 526 | _aSEG39 | ||
| 526 | _aP94 | ||
| 526 | _aP87 | ||
| 526 | _aP86 | ||
| 526 | _aP85 | ||
| 526 | _aP77 | ||
| 526 | _aP76 | ||
| 526 | _aP35 | ||
| 630 | 0 | 4 |
_aBiblia. _pN.T. _pHechos _xComentarios. |
| 942 |
_2ddc _cBOOK |
||
| 949 |
_a284.2 C18 7 _wDEWEY _c1 _i44367 _lCCODEBUL1 _mBUL _r0 _sY _tBOOK _u2015-6-24 _xTEOLOGIA _PP35 _0COMPRA _o.STAFF. Colección Teología |
||
| 994 |
_aC0 _bPEPRU |
||
| 596 | _a1 | ||
| 999 |
_a284.2 C18 7 _wDEWEY _c21247 _i44367 _f2021-11-11 _g5 _lCCODEBUL1 _mBUL _p35.00 _r0 _sY _tBOOK _u2015-6-24 _xTEOLOGIA _PP35 _0COMPRA _o.STAFF. Colección Teología _d21247 |
||
| 980 |
_81 _gALBERTO SANCHEZ Responsable de Automatización |
||